<?xml version="1.0" encoding="UTF-8"?>
<record
    xmlns:xsi="http://www.w3.org/2001/XMLSchema-instance"
    xsi:schemaLocation="http://www.loc.gov/MARC21/slim http://www.loc.gov/standards/marcxml/schema/MARC21slim.xsd"
    xmlns="http://www.loc.gov/MARC21/slim">

  <leader>03031cam a22004454i 4500</leader>
  <controlfield tag="003">PE-LiUPU</controlfield>
  <controlfield tag="005">20250731165413.0</controlfield>
  <controlfield tag="008">151118s2014    pe     grm    000 0 spa d</controlfield>
  <datafield tag="035" ind1=" " ind2=" ">
    <subfield code="a">(Sirsi) a155160</subfield>
  </datafield>
  <datafield tag="040" ind1=" " ind2=" ">
    <subfield code="a">PE-LiUPU</subfield>
    <subfield code="b">spa</subfield>
    <subfield code="c">PE-LiUPU</subfield>
    <subfield code="e">rda</subfield>
  </datafield>
  <datafield tag="099" ind1=" " ind2=" ">
    <subfield code="a">TC 2</subfield>
    <subfield code="b">L66 2014</subfield>
  </datafield>
  <datafield tag="100" ind1="1" ind2=" ">
    <subfield code="a">Limaylla Rojas, George Ernesto</subfield>
    <subfield code="e">autor</subfield>
  </datafield>
  <datafield tag="245" ind1="1" ind2=" ">
    <subfield code="a">Influencia de la comunicaci&#xF3;n interna en la identidad organizacional de los trabajadores del centro de aplicaci&#xF3;n "Productos Uni&#xF3;n" /</subfield>
    <subfield code="c">George Ernesto Limaylla Rojas.</subfield>
  </datafield>
  <datafield tag="264" ind1=" " ind2="0">
    <subfield code="c">2014.</subfield>
  </datafield>
  <datafield tag="300" ind1=" " ind2=" ">
    <subfield code="a">121 hojas </subfield>
    <subfield code="c">30 cm</subfield>
  </datafield>
  <datafield tag="336" ind1=" " ind2=" ">
    <subfield code="a">text</subfield>
    <subfield code="2">rdacontent</subfield>
  </datafield>
  <datafield tag="337" ind1=" " ind2=" ">
    <subfield code="a">unmediated</subfield>
    <subfield code="2">rdamedia</subfield>
  </datafield>
  <datafield tag="338" ind1=" " ind2=" ">
    <subfield code="a">volume</subfield>
    <subfield code="2">rdacarrier</subfield>
  </datafield>
  <datafield tag="502" ind1=" " ind2=" ">
    <subfield code="a">Tesis</subfield>
    <subfield code="b">(Lic.) -- </subfield>
    <subfield code="c">Universidad Peruana Uni&#xF3;n,</subfield>
    <subfield code="d">2014.</subfield>
  </datafield>
  <datafield tag="504" ind1=" " ind2=" ">
    <subfield code="a">Incluye referencias</subfield>
  </datafield>
  <datafield tag="520" ind1="3" ind2=" ">
    <subfield code="a">El prop&#xF3;sito de este estudio fue determinar la influencia de la comunicaci&#xF3;n interna en la identidad organizacional del centro de aplicaci&#xF3;n "Productos Uni&#xF3;n", ubicado en &#xD1;a&#xF1;a, Lurigancho - Chosica, del departamento de Lima-Per&#xFA;. El tipo de investigaci&#xF3;n fue b&#xE1;sica, con enfoque cuantitativo, de dise&#xF1;o no experimental, transversal, de tipo descriptivo - correlacional. El estudio estuvo conformado por una muestra de 85 trabajadores administrativos y operarios del centro de aplicaci&#xF3;n. Para la recolecci&#xF3;n de datos se utiliz&#xF3; instrumentos elaborados por el investigador y validados por expertos. El an&#xE1;lisis de datos a trav&#xE9;s de la Chi&#xB2; de Pearson demostr&#xF3; que la comunicaci&#xF3;n interna influye directamente en la identidad organizacional (X&#xB2;tab=9,49 &lt;X&#xB2;cal =60,770) en un 33,8%; demostr&#xE1;ndose que las variables en estudio influyeron significativamente en la investigaci&#xF3;n. Asimismo, los resultados evidenciaron influencia entre las dimensiones de comunicaci&#xF3;n interna (comunicaci&#xF3;n descendente, comunicaci&#xF3;n ascendente, comunicaci&#xF3;n horizontal y comunicaci&#xF3;n transversal) e identidad organizacional (compromiso, motivaci&#xF3;n, identidad visual y valores y creencias) con un valor de sig.=0,000&lt;0,05 con un 95% de confianza; por otro lado, la identidad organizacional de los trabajadores fue excelente en un 91.8%; sin embargo el nivel de la comunicaci&#xF3;n interna fue medio en un 51,8% y excelente en un 44,7%; por lo que se recomendaron acciones estrat&#xE9;gicas para fortalecer los niveles altos y regular los niveles bajos de manera que los trabajadores permitan contribuir al rendimiento, productividad y excelencia de la organizaci&#xF3;n.</subfield>
  </datafield>
  <datafield tag="526" ind1=" " ind2=" ">
    <subfield code="a">SEG44</subfield>
  </datafield>
  <datafield tag="526" ind1=" " ind2=" ">
    <subfield code="a">SEG26</subfield>
  </datafield>
  <datafield tag="526" ind1=" " ind2=" ">
    <subfield code="a">P151</subfield>
  </datafield>
  <datafield tag="526" ind1=" " ind2=" ">
    <subfield code="a">P150</subfield>
  </datafield>
  <datafield tag="526" ind1=" " ind2=" ">
    <subfield code="a">P149</subfield>
  </datafield>
  <datafield tag="526" ind1=" " ind2=" ">
    <subfield code="a">P146</subfield>
  </datafield>
  <datafield tag="526" ind1=" " ind2=" ">
    <subfield code="a">P145</subfield>
  </datafield>
  <datafield tag="526" ind1=" " ind2=" ">
    <subfield code="a">P126</subfield>
  </datafield>
  <datafield tag="526" ind1=" " ind2=" ">
    <subfield code="a">P125</subfield>
  </datafield>
  <datafield tag="526" ind1=" " ind2=" ">
    <subfield code="a">P92</subfield>
  </datafield>
  <datafield tag="526" ind1=" " ind2=" ">
    <subfield code="a">P75</subfield>
  </datafield>
  <datafield tag="526" ind1=" " ind2=" ">
    <subfield code="a">P74</subfield>
  </datafield>
  <datafield tag="526" ind1=" " ind2=" ">
    <subfield code="a">P27</subfield>
  </datafield>
  <datafield tag="526" ind1=" " ind2=" ">
    <subfield code="a">P15</subfield>
  </datafield>
  <datafield tag="650" ind1="0" ind2="4">
    <subfield code="a">Comunicaci&#xF3;n en la gestion</subfield>
    <subfield code="x">Identidad corporativa</subfield>
    <subfield code="v">Tesis.</subfield>
  </datafield>
  <datafield tag="596" ind1=" " ind2=" ">
    <subfield code="a">1</subfield>
  </datafield>
  <datafield tag="942" ind1=" " ind2=" ">
    <subfield code="2">ddc</subfield>
    <subfield code="c">TESIS</subfield>
  </datafield>
  <datafield tag="999" ind1=" " ind2=" ">
    <subfield code="a">TC 2 L66 2014</subfield>
    <subfield code="w">ALPHANUM</subfield>
    <subfield code="c">7842</subfield>
    <subfield code="i">T01839</subfield>
    <subfield code="l">CCODEBUL3</subfield>
    <subfield code="m">BUL</subfield>
    <subfield code="r">1</subfield>
    <subfield code="s">Y</subfield>
    <subfield code="t">TESIS</subfield>
    <subfield code="u">2015-11-18</subfield>
    <subfield code="x">EDUCACION</subfield>
    <subfield code="P">P07</subfield>
    <subfield code="o">.STAFF. Tesis</subfield>
    <subfield code="d">7842</subfield>
  </datafield>
  <datafield tag="980" ind1=" " ind2=" ">
    <subfield code="8">1</subfield>
    <subfield code="g">ALBERTO SANCHEZ Responsable de Automatizaci&#xF3;n</subfield>
  </datafield>
  <datafield tag="952" ind1=" " ind2=" ">
    <subfield code="r">2022-07-06 00:00:00</subfield>
    <subfield code="l">0</subfield>
    <subfield code="o">TC 2 L66 2014</subfield>
    <subfield code="p">T01839</subfield>
    <subfield code="t">e1</subfield>
    <subfield code="w">2015-11-18</subfield>
    <subfield code="x">FACIHED</subfield>
    <subfield code="y">TESIS</subfield>
    <subfield code="z">Este &#xCD;tem NO se presta por ser Ejemplar #1.</subfield>
    <subfield code="1">0</subfield>
    <subfield code="2">ddc</subfield>
    <subfield code="7">1</subfield>
    <subfield code="8">TESIS</subfield>
    <subfield code="f">P07</subfield>
    <subfield code="a">BUL</subfield>
    <subfield code="b">BUL</subfield>
    <subfield code="c">TESIS</subfield>
    <subfield code="d">2015-11-18</subfield>
  </datafield>
</record>
